Генрих Семирадский и колония русских художников в Риме (Запись № 12156384)

Подробности
000 -МАРКЕР
контрольное поле 01962nam0a2200373 4500
001 - ИДЕНТИФИКАТОР ЗАПИСИ
контрольное поле RU\NLR\BIBL_A\011861525
005 - ИДЕНТИФИКАТОР ВЕРСИИ
контрольное поле 20181128154634.0
010 ## - МЕЖДУНАРОДНЫЙ СТАНДАРТНЫЙ НОМЕР КНИГИ (ISBN)
Номер (ISBN) 978-5-93332-599-4
021 ## - НОМЕР ГОСУДАРСТВЕННОЙ РЕГИСТРАЦИИ
Код страны Российская Федерация
Номер АЛ-П-19-00529и
Номер Листа государственной регистраци АЛ-П-19-0102
035 ## - ДРУГИЕ СИСТЕМНЫЕ НОМЕРА
Идентификатор записи (NLR Aleph) 011861525
100 ## - ДАННЫЕ ОБЩЕЙ ОБРАБОТКИ
Данные общей обработки 20181113d2017 k y0rusy50 ca
101 0# - ЯЗЫК РЕСУРСА
Язык текста, звукозаписи и т.д. русский
102 ## - СТРАНА ПУБЛИКАЦИИ ИЛИ ПРОИЗВОДСТВА
Страна публикации Российская Федерация
105 ## - ПОЛЕ КОДИРОВАННЫХ ДАННЫХ: ТЕКСТОВЫЕ МАТЕРИАЛЫ, МОНОГРАФИЧЕСКИЕ
Кодированные данные о монографическом текстовом документе ac z 001yd
200 1# - ЗАГЛАВИЕ И СВЕДЕНИЯ ОБ ОТВЕТСТВЕННОСТИ
Основное заглавие Генрих Семирадский и колония русских художников в Риме
Сведения, относящиеся к заглавию к 175-летию Генриха Семирадского
-- [альбом
Первые сведения об ответственности составитель: Павел Климов
Последующие сведения об ответственности авторы статей: Елена Карпова и др.
-- биографии, аннотации: Ирина Верховская и др.]
210 ## - ПУБЛИКАЦИЯ, РАСПРОСТРАНЕНИЕ И ДР.
Место издания, распространения и т.д. Санкт-Петербург
Имя издателя, распространителя и т. д. Palace Editions
Дата издания, распространения и т.д. 2017
215 ## - ФИЗИЧЕСКАЯ ХАРАКТЕРИСТИКА
Специфическое обозначение материала и объем 215 c.
Другие сведения о физической характеристике ил., цв. ил., портр.
Размеры 31
225 1# - СЕРИЯ
Основное заглавие серии Альманах
Сведения об ответственности Русский музей
Обозначение тома вып. 517
320 ## - ПРИМЕЧАНИЯ О НАЛИЧИИ В ДОКУМЕНТЕ БИБЛИОГРАФИИ / УКАЗАТЕЛЯ
Текст примечания Библиогр. в примеч. в конце ст.
600 #1 - ИМЯ ЛИЦА КАК ПРЕДМЕТ
Начальный элемент ввода Семирадский
Часть имени, кроме начального элемента ввода Г.И.
Даты 1843 - 1902
Расширение инициалов личного имени Генрих Ипполитович
Формальный подзаголовок Альбомы
Системный номер авторитетной/нормативной записи 2091884
Идентификатор авторитетной/нормативной записи RU\NLR\AUTH\661266078
606 1# - НАИМЕНОВАНИЕ ТЕМЫ КАК ПРЕДМЕТ
Наименование темы Изобразительное искусство русское
Формальный подзаголовок Альбомы
Хронологический подзаголовок 19 в.
Системный номер авторитетной/нормативной записи 2080146
Идентификатор авторитетной/нормативной записи RU\NLR\AUTH\661256061
686 1# - ИНДЕКСЫ ДРУГИХ КЛАССИФИКАЦИЙ
Индекс Щ143(2Р=Рус)5-8Семирадский я61
686 1# - ИНДЕКСЫ ДРУГИХ КЛАССИФИКАЦИЙ
Индекс Щ103(2Р=Рус)5я61
702 #1 - ИМЯ ЛИЦА - ВТОРИЧНАЯ ОТВЕТСТВЕННОСТЬ
Код отношения Прочие
Начальный элемент ввода Семирадский
Часть имени, кроме начального элемента ввода Х.
Дополнения к именам, кроме дат художник
Даты 1843-1902
Расширение инициалов личного имени Хенрык
Системный номер авторитетной/нормативной записи 132397
Идентификатор авторитетной/нормативной записи RU\NLR\AUTH\770132431
702 #1 - ИМЯ ЛИЦА - ВТОРИЧНАЯ ОТВЕТСТВЕННОСТЬ
Начальный элемент ввода Климов
Часть имени, кроме начального элемента ввода П.
Расширение инициалов личного имени Павел
Код отношения Составитель
712 02 - НАИМЕНОВАНИЕ ОРГАНИЗАЦИИ - ВТОРИЧНАЯ ОТВЕТСТВЕННОСТЬ
Код отношения Прочие
Начальный элемент ввода Государственный Русский музей
Идентифицирующий признак Санкт-Петербург
Системный номер авторитетной/нормативной записи 278750
Идентификатор авторитетной/нормативной записи RU\NLR\AUTH\883719
942 ## - ДОПОЛНИТЕЛЬНЫЕ ЭЛЕМЕНТЫ ЗАПИСИ (АБИС)
Тип экземпляра АБИС Книга
980 ## - КОЛЛЕКЦИЯ
Название коллекции НБР
980 ## - КОЛЛЕКЦИЯ
Название коллекции Национальная библиография

Нет доступных экземпляров.